000 00797nam0a22002411 4500
001 rc\1150804
005 20250622200934.0
035 _a(NLR Aleph) 006396252
090 _a5198529
_c5198528
100 _a20041129d1980 |||y0rusy50 ca
101 0 _arus
102 _aRU
105 _ay |||||||||
200 1 _aОчерки методики обучения русскому языку учащихся узбекской школы
_eПособие для учителей
210 _aТашкент
_cУкитувчи
_d1980
215 _a208 с.
_d20
320 _aБиблиогр. в конце тем
700 1 _aМирочник
_bЭ.Ш.
_gЭммануил Шаевич
801 0 _aRU
_bNLR
_gpsbo
801 1 _aRU
_bELAR
_2rusmarc
852 _aNLR
_j81-3/6656
942 _cBOOK
980 _aNB